000 00784nas a2200265Ia 4500
001 dp5/23-52730
003 IT-MiCISF
008 161014c99999999xx |||||||||||| ||und||
040 _aIT-MiCISF
_cIT-MiCISF
041 _aITALIANO
100 _aNoriega José
210 _aLa settimana
222 _aLa settimana
245 0 _aSe muore il matrimonio
250 _a1a ed.
260 _c2014
501 _bCISF - Centro Internazionale Studi Famiglia - Via Giotto, 36 20145 MILANO (non commercial uses only)
_cCopyright 2016
300 _app. 8-9
362 _a n. 17 [2014]
500 _a Tema: divorzio, pastorale-situazioni-difficili, sinodo
650 _aPASTORALE - pastorale familiare
_varticolo
700 _aAA.VV.
942 _cCR
957 _71
999 _a52730
_bSi
_g1
_c219148
_d219148